00765nam a2200205 a 450000500170000000800410001702000180005805000270007610000220010324500990012526000460022430000160027044000270028650000280031365000440034165000180038565000210040399900190042495201160044320140412111353.0050425s19uu xx 00 eng d a0-02-660877-4 aTR(GS 372.4bK846 2000 aKoss, Amy Goldman aSteve's secret :bdecodable book /cby Amy Goldman Koss ; illustrated by Deborah Colvin Borgo. aColumbus, Ohio :bSRA/McGraw-Hill,c2000. a8 p. ; ill. aSRA Open Court Reading aLevel B, Set 1, Book 48 aReadingxPhoneticsxJuvenile literature aGiftxFiction aChildren stories c105367d105367 001040aELbELcTRd2005-04-25eDonationl0oTR(GS 372.4 K846 2000pE9934r2014-04-12 00:00:00w2014-04-12yBK